LEADER 02595oam 2200505I 450 001 9910794187503321 005 20230822233229.0 010 $a0-429-26400-3 010 $a0-429-55903-8 035 $a(CKB)4100000010671494 035 $a(MiAaPQ)EBC6134577 035 $a(OCoLC)1145607786 035 $a(OCoLC-P)1145607786 035 $a(FlBoTFG)9780429264009 035 $a(EXLCZ)994100000010671494 100 $a20200321d2020 uy 0 101 0 $aeng 135 $aurcnu---unuuu 181 $ctxt$2rdacontent 182 $cc$2rdamedia 183 $acr$2rdacarrier 200 00$aHate Speech in Asia and Europe $eBeyond Hate and Fear /$fedited by Myungkoo Kang, Marie-Orange Rive? Lasan 210 1$aAbingdon, Oxon :$cRoutledge,$d2020. 215 $a1 online resource (207 pages) 225 1 $aRoutledge contemporary Asia series 311 $a0-367-20900-4 330 $aThis edited collection provides a timely review of the current state of hate speech research in Asia and Europe, through the comparative examples of Korea, Japan and France. Extending the study of hate speech studies beyond the largely western emphasis on European and US contexts dominant in the field, this book's comparative framework aims to examine hate speech as a global phenomenon spanning Asian and European contexts. An innovative range of nuanced empirical case studies explore hate speech by analyzing gendered hate speech and nationality, French cartoon humour, official counter radicalization narratives and the use of international law to inform domestic legislation in the Philippines and Japan. A fresh perspective on Asian and European hate speech, this book's evaluation of current of hate speech research also identifies future directions for the development of theory and method. Filling a critical gap in the literature, Hate Speech in Asia and Europe will appeal to students and scholars of law, politics, religion, history, social policy and social science more broadly, as well as Asian Studies. 410 0$aRoutledge contemporary Asia series. 606 $aHate speech$zEurope 606 $aHate speech$zAsia 606 $aHate speech 615 0$aHate speech 615 0$aHate speech 615 0$aHate speech. 676 $a306.766014 702 $aKang$b Myo?ng-gu$f1953- 702 $aRive?-Lasan$b Marie-Orange$f1966- 702 $aKim$b U-ja 702 $aHall$b Philippa 801 0$bOCoLC-P 801 1$bOCoLC-P 906 $aBOOK 912 $a9910794187503321 996 $aHate Speech in Asia and Europe$93709985 997 $aUNINA